| 000 | 01393nam a22002777a 4500 | ||
|---|---|---|---|
| 001 | EPSA 0321 | ||
| 003 | gtcocun | ||
| 005 | 20250829170330.0 | ||
| 006 | a||||gr|||| 00| 0 | ||
| 007 | ta | ||
| 008 | 250829b2025 gt ||||| m||| 00| 0 eng d | ||
| 040 |
_agtcocun _bSPA _cgtcocun _eRDA |
||
| 041 | _aSPA EPSA 0324 | ||
| 084 | _0EPSA 0324 | ||
| 100 |
_aMigdalia Azucena Chomo Chub _eAutor |
||
| 245 |
_aINFORME FINAL DEL EJERCICIO PROFESIONAL SUPERVISADO, REALIZADO EN CENTRO DE PROMOCIÓN COMUNITARIA BETANIA, HOSPITAL BETANIA, COBÁN, ALTA VERAPAZ/ _cMigdalia Azucena Chomo Chub _hImpreso |
||
| 264 |
_aCobán, Alta Verapaz: _bUniversidad de San Carlos de Guatemala, Centro Universitario del Norte, Licenciatura en Administración de Empresas _c2025 |
||
| 300 |
_a48 p.: _bIlustraciones, gráficas. _c28 cm; |
||
| 502 | _eEPSA 0321 | ||
| 502 |
_aEjercicio Profesional Supervisado _bLicenciatura en Administración de Empresas, _cUniversidad de San Carlos de Guatemala, Centro Universitario del Norte, Licenciatura en Administración de Empresas _d2025 _oEPSA 0321 |
||
| 650 |
_2LEMB _aCobán, Alta Verapaz _xAdministración _xInforme _xInstitución _xEnfoque _xSocial _xManejo |
||
| 700 |
_aM.A. Julio Armando Samayoa Santiago _eAsesor |
||
| 856 |
_uSin archivo en línea. _zSin archivo en línea. |
||
| 942 |
_2ddc _cTES _iTPED 0321 _kClasificación _n0 _6TPED_0321_000000000000000 |
||
| 999 |
_c1522 _d1522 |
||